[Event "2. Bundesliga West 2005/2006"]
[Site "AUT"]
[Date "2005.12.04"]
[Round "5"]
[White "Ginsburg, Gennadij"]
[Black "Pitl, Gregory"]
[Result "1-0"]
[WhiteElo "2513"]
[BlackElo "2365"]
[PlyCount "47"]
[EventDate "2005.10.??"]
[EventType "team"]
[EventRounds "11"]
[EventCountry "AUT"]
[WhiteTeam "Lustenau VII"]
[BlackTeam "Inter Salzburg VIII"]
[WhiteTeamCountry "AUT"]
[BlackTeamCountry "AUT"]

1. e4 c5 2. Nf3 Nc6 3. d4 cxd4 4. Nxd4 Nf6 5. Nc3 d6 6. Bc4 e6 7. Be3 a6 8. Qe2
Bd7 9. Bb3 b5 10. O-O-O Na5 11. Bg5 Be7 12. e5 Nd5 13. Bxe7 Nxc3 14. Qf3 Qc8
15. bxc3 Kxe7 16. exd6+ Ke8 17. Rhe1 Ra7 18. Nf5 Kf8 19. Nxg7 Kxg7 20. Qg4+ Kf8
21. Qd4 Rg8 22. Qxa7 Nxb3+ 23. axb3 Qxc3 24. Re3 1-0

[Event "2. Bundesliga West 2005/2006"]
[Site "AUT"]
[Date "2005.12.04"]
[Round "5"]
[White "Hugentobler, Patrick"]
[Black "Mroz, Thomas"]
[Result "0-1"]
[WhiteElo "2234"]
[BlackElo "2135"]
[PlyCount "80"]
[EventDate "2005.10.??"]
[EventType "team"]
[EventRounds "11"]
[EventCountry "AUT"]
[WhiteTeam "Lustenau VII"]
[BlackTeam "Inter Salzburg VIII"]
[WhiteTeamCountry "AUT"]
[BlackTeamCountry "AUT"]

1. e4 e6 2. d4 d5 3. Nc3 dxe4 4. Nxe4 Bd7 5. Nf3 Bc6 6. Bd3 Nd7 7. O-O Ngf6 8.
Ned2 Be7 9. Re1 b6 10. Nc4 O-O 11. c3 Bb7 12. Bg5 Nd5 13. Bxe7 Qxe7 14. Qd2
Rfd8 15. Rad1 c5 16. Bb1 N5f6 17. Qf4 Nh5 18. Qe3 Qf6 19. Ng5 Nf4 20. Ne4 Qh6
21. Qg3 Nf6 22. Ncd6 Nxe4 23. Nxe4 cxd4 24. Ng5 Nh5 25. Qh4 Nf6 26. Qf4 dxc3
27. Bxh7+ Nxh7 28. Qxf7+ Kh8 29. Qe7 Qxg5 30. Qxb7 Rxd1 31. Rxd1 Rd8 32. Rf1 c2
33. Qc7 Qd2 34. g3 Ng5 35. h4 Nf3+ 36. Kg2 Qd5 37. Kh3 Nd4 38. Rc1 Qf5+ 39. Kg2
Rf8 40. f4 Qe4+ 0-1

[Event "2. Bundesliga West 2005/2006"]
[Site "AUT"]
[Date "2005.12.04"]
[Round "5"]
[White "Marchhart, Matthias"]
[Black "Sucher, Johannes"]
[Result "1-0"]
[WhiteElo "2153"]
[BlackElo "2228"]
[PlyCount "105"]
[EventDate "2005.10.??"]
[EventType "team"]
[EventRounds "11"]
[EventCountry "AUT"]
[WhiteTeam "Inter Salzburg VIII"]
[BlackTeam "Lustenau VII"]
[WhiteTeamCountry "AUT"]
[BlackTeamCountry "AUT"]

1. e4 d6 2. d4 f5 3. Nc3 Nf6 4. Bd3 Nc6 5. Nge2 fxe4 6. Nxe4 d5 7. Nxf6+ exf6
8. c3 Bg4 9. O-O Qd7 10. Qc2 Bd6 11. Nf4 Ne7 12. h3 g5 13. Nxd5 Nxd5 14. hxg4
Qxg4 15. Bf5 Qh5 16. Qe4+ Ne7 17. g3 O-O 18. Qxb7 Rae8 19. Kg2 Nxf5 20. Qd5+
Qf7 21. Qxf5 Re2 22. Rh1 Qg6 23. Qxg6+ hxg6 24. Kf3 Rfe8 25. Be3 Rxb2 26. Rh6
Bf8 27. Rhh1 Reb8 28. d5 a5 29. a4 R8b3 30. Rhc1 Bg7 31. Ke4 Re2 32. Kd3 Rbb2
33. Rab1 Kf7 34. Rxb2 Rxb2 35. Rc2 Rb1 36. Kc4 Ke7 37. Re2 Rf1 38. Bb6+ Kd7 39.
Bxa5 Bf8 40. Ra2 c6 41. Bb6 Re1 42. a5 cxd5+ 43. Kxd5 Re5+ 44. Kc4 Kc6 45. Bd4
Re8 46. Bxf6 g4 47. a6 Ra8 48. Bd4 Bd6 49. a7 Kb7 50. Rb2+ Kc6 51. Rb6+ Kc7 52.
Kd5 Ba3 53. Rb8 1-0

[Event "2. Bundesliga West 2005/2006"]
[Site "AUT"]
[Date "2006.01.20"]
[Round "6"]
[White "Gasthofer, Alexander"]
[Black "Juergens, Klaus"]
[Result "1-0"]
[WhiteElo "2418"]
[BlackElo "2183"]
[PlyCount "73"]
[EventDate "2005.10.??"]
[EventType "team"]
[EventRounds "11"]
[EventCountry "AUT"]
[WhiteTeam "Inter Salzburg VIII"]
[BlackTeam "ASK Salzburg XI"]
[WhiteTeamCountry "AUT"]
[BlackTeamCountry "AUT"]

1. Nf3 g6 2. g3 Bg7 3. d4 Nf6 4. c4 O-O 5. Bg2 d6 6. O-O Nbd7 7. Qc2 e5 8. Rd1
Qe7 9. Nc3 Nb6 10. c5 e4 11. cxb6 exf3 12. Bxf3 axb6 13. Bg5 c6 14. d5 c5 15.
Qb3 Ra6 16. e3 Bh3 17. Be2 h6 18. Bxf6 Bxf6 19. a4 Bxc3 20. Qxc3 Raa8 21. Qb3
Qe4 22. f3 Qe5 23. Qc3 Qe7 24. Bc4 Rae8 25. Re1 Qg5 26. e4 h5 27. f4 Qh6 28.
Qf6 Qg7 29. e5 dxe5 30. Qxg7+ Kxg7 31. fxe5 Ra8 32. Bb5 Rfd8 33. e6 fxe6 34.
dxe6 Kf6 35. e7 Re8 36. Bxe8 Rxe8 37. Rad1 1-0

[Event "2. Bundesliga West 2005/2006"]
[Site "AUT"]
[Date "2006.01.20"]
[Round "6"]
[White "Loeffler, Christoph"]
[Black "Pitl, Gregory"]
[Result "0-1"]
[WhiteElo "2177"]
[BlackElo "2365"]
[PlyCount "162"]
[EventDate "2005.10.??"]
[EventType "team"]
[EventRounds "11"]
[EventCountry "AUT"]
[WhiteTeam "ASK Salzburg XI"]
[BlackTeam "Inter Salzburg VIII"]
[WhiteTeamCountry "AUT"]
[BlackTeamCountry "AUT"]

1. e4 c5 2. Nc3 Nc6 3. f4 g6 4. Nf3 Bg7 5. Bb5 Nd4 6. a4 a6 7. Bc4 e6 8. d3 Ne7
9. Nxd4 cxd4 10. Ne2 Rb8 11. O-O b5 12. axb5 axb5 13. Bb3 d6 14. Qe1 O-O 15.
Qf2 Qb6 16. Ng3 f5 17. Bd2 fxe4 18. Nxe4 d5 19. Ng5 Qd6 20. Qe1 Nc6 21. Qh4 h6
22. Nf3 Rb7 23. Rfe1 Re7 24. Re2 Ref7 25. Qg3 Kh7 26. Rae1 Rf5 27. Nh4 R5f6 28.
Nf3 Qc5 29. Ne5 Nxe5 30. Rxe5 R8f7 31. Qh4 Bf8 32. g3 Bd6 33. R5e2 Kg7 34. Kg2
h5 35. f5 Rxf5 36. c3 e5 37. cxd4 Qxd4 38. Qxd4 exd4 39. Rc1 Bb7 40. Be1 Rf3
41. Bf2 Kh7 42. Bc2 h4 43. Bxd4 hxg3 44. Re8 Rf2+ 45. Bxf2 d4+ 46. Kh3 gxf2 47.
Rf1 Rf3+ 48. Kg4 Rf4+ 49. Kh3 g5 50. Re4 Bxe4 51. dxe4 d3 52. Bd1 Bc5 53. Bg4
Kg6 54. e5 b4 55. Bd7 d2 56. Bb5 Kf5 57. Rd1 Be3 58. Kg2 Rg4+ 59. Kf3 Rg1 60.
Bf1 Bc5 61. Ke2 Kxe5 62. Rxd2 Rg4 63. Kf3 Rf4+ 64. Kg2 Ke4 65. h3 g4 66. Re2+
Be3 67. Rc2 gxh3+ 68. Kxh3 Rf8 69. Rc4+ Kf3 70. Rxb4 Rg8 71. Ba6 Rg7 72. Rb7
Rg3+ 73. Kh2 Rg2+ 74. Kh3 Rg3+ 75. Kh2 Rg4 76. Rf7+ Bf4+ 77. Kh3 Rg3+ 78. Kh4
Rg6 79. Bb7+ Ke3 80. Re7+ Kd2 81. Rd7+ Kc1 0-1

[Event "2. Bundesliga West 2005/2006"]
[Site "AUT"]
[Date "2006.01.20"]
[Round "6"]
[White "Mroz, Thomas"]
[Black "Brestan, Peter"]
[Result "1/2-1/2"]
[WhiteElo "2135"]
[BlackElo "2121"]
[PlyCount "25"]
[EventDate "2005.10.??"]
[EventType "team"]
[EventRounds "11"]
[EventCountry "AUT"]
[WhiteTeam "Inter Salzburg VIII"]
[BlackTeam "ASK Salzburg XI"]
[WhiteTeamCountry "AUT"]
[BlackTeamCountry "AUT"]

1. d4 Nf6 2. c4 e6 3. g3 c5 4. Nf3 b6 5. Bg2 Bb7 6. O-O Be7 7. Nc3 cxd4 8. Qxd4
O-O 9. Bf4 Nc6 10. Qd2 Na5 11. b3 d5 12. cxd5 Nxd5 13. Nxd5 1/2-1/2

[Event "2. Bundesliga West 2005/2006"]
[Site "AUT"]
[Date "2006.01.20"]
[Round "6"]
[White "Pitschka, Klaus"]
[Black "Besner, Bernhard"]
[Result "1/2-1/2"]
[WhiteElo "2246"]
[BlackElo "2116"]
[PlyCount "96"]
[EventDate "2005.10.??"]
[EventType "team"]
[EventRounds "11"]
[EventCountry "AUT"]
[WhiteTeam "Inter Salzburg VIII"]
[BlackTeam "ASK Salzburg XI"]
[WhiteTeamCountry "AUT"]
[BlackTeamCountry "AUT"]

1. d4 d5 2. Nf3 c5 3. dxc5 e6 4. e4 Bxc5 5. exd5 exd5 6. Bb5+ Nc6 7. O-O Nge7
8. Nbd2 O-O 9. Nb3 Bd6 10. Nbd4 Bg4 11. Be3 a6 12. Be2 Re8 13. h3 Bh5 14. Re1
Rc8 15. Nxc6 Nxc6 16. Nd4 Bg6 17. Nxc6 Rxc6 18. c3 Bc7 19. Bf3 Be4 20. Bxe4
dxe4 21. Qxd8 Rxd8 22. Rad1 Rxd1 23. Rxd1 Rd6 24. Rxd6 Bxd6 25. g4 g6 26. f3 f5
27. fxe4 fxe4 28. Kf2 Kf7 29. Bd4 Bf4 30. c4 Ke6 31. b3 Kd6 32. Ke2 Kc6 33. a4
b5 34. cxb5+ axb5 35. a5 Kb7 36. Bc3 Ka6 37. b4 Bg5 38. Be1 h5 39. Bd2 Bf6 40.
g5 Bd4 41. Be1 Ba7 42. Bh4 Kb7 43. Bg3 Ka6 44. Bc7 Bd4 45. Bb6 Bxb6 46. axb6
Kxb6 47. Ke3 Kc6 48. Kxe4 Kd6 1/2-1/2

[Event "2. Bundesliga West 2005/2006"]
[Site "AUT"]
[Date "2006.01.20"]
[Round "6"]
[White "Scheiblmaier, Robert"]
[Black "Lickleder, Andreas"]
[Result "1/2-1/2"]
[WhiteElo "2159"]
[BlackElo "2240"]
[PlyCount "49"]
[EventDate "2005.10.??"]
[EventType "team"]
[EventRounds "11"]
[EventCountry "AUT"]
[WhiteTeam "ASK Salzburg XI"]
[BlackTeam "Inter Salzburg VIII"]
[WhiteTeamCountry "AUT"]
[BlackTeamCountry "AUT"]

1. d4 Nf6 2. c4 e6 3. g3 Bb4+ 4. Nd2 c5 5. Ngf3 cxd4 6. Nxd4 Qb6 7. e3 Nc6 8.
a3 Bxd2+ 9. Qxd2 Ne4 10. Qd1 a5 11. Bg2 f5 12. O-O O-O 13. b3 Ne5 14. Qc2 Nc5
15. Rd1 Ng4 16. h3 Nf6 17. Bb2 Nce4 18. Nb5 d5 19. Bd4 Qc6 20. Rac1 Bd7 21.
Bxf6 Rxf6 22. Nd4 Qd6 23. cxd5 e5 24. Nxf5 Bxf5 25. Bxe4 1/2-1/2

[Event "2. Bundesliga West 2005/2006"]
[Site "AUT"]
[Date "2006.01.20"]
[Round "6"]
[White "Doskocil, Klaus"]
[Black "Dizdar, Goran"]
[Result "0-1"]
[WhiteElo "2196"]
[BlackElo "2542"]
[PlyCount "84"]
[EventDate "2005.10.??"]
[EventType "team"]
[EventRounds "11"]
[EventCountry "AUT"]
[WhiteTeam "Lustenau VII"]
[BlackTeam "Absam"]
[WhiteTeamCountry "AUT"]
[BlackTeamCountry "AUT"]

1. e4 e6 2. d4 d5 3. exd5 exd5 4. Bd3 c5 5. Qe2+ Be7 6. dxc5 Nf6 7. Nf3 O-O 8.
O-O Bxc5 9. Bg5 h6 10. Bh4 g5 11. Bg3 Nc6 12. c3 Bg4 13. Nbd2 Re8 14. Qd1 Ne4
15. Nb3 Bb6 16. Kh1 f5 17. h3 Bh5 18. Qc2 f4 19. Bh2 Rc8 20. a3 Qf6 21. Bg1
Bxf3 22. gxf3 Nd6 23. Bg6 Re5 24. Bh5 Qf5 25. Qxf5 Nxf5 26. Rfe1 Kg7 27. Bg4
Kf6 28. Rad1 Rd8 29. Bxf5 Kxf5 30. Kg2 Rxe1 31. Rxe1 Ne5 32. Re2 Rd6 33. a4 a5
34. Bh2 Ng6 35. Nd2 Re6 36. Kf1 Ne5 37. Bg1 d4 38. cxd4 Bxd4 39. b3 Rc6 40. Nc4
Nxf3 41. Kg2 Nxg1 42. Kxg1 Re6 0-1

[Event "2. Bundesliga West 2005/2006"]
[Site "AUT"]
[Date "2006.01.20"]
[Round "6"]
[White "Duer, Werner"]
[Black "Mrsic, Robert"]
[Result "1-0"]
[WhiteElo "2249"]
[BlackElo "2135"]
[PlyCount "76"]
[EventDate "2005.10.??"]
[EventType "team"]
[EventRounds "11"]
[EventCountry "AUT"]
[WhiteTeam "Absam"]
[BlackTeam "Lustenau VII"]
[WhiteTeamCountry "AUT"]
[BlackTeamCountry "AUT"]

1. d4 Nf6 2. Nf3 e6 3. c4 b6 4. e3 Bb7 5. Nc3 d5 6. cxd5 Nxd5 7. Bb5+ c6 8. Bd3
Nd7 9. O-O Be7 10. e4 Nb4 11. Bb1 O-O 12. a3 Na6 13. Bf4 Nc7 14. Re1 Re8 15.
Qd3 Nf8 16. Ba2 Ng6 17. Bg3 Qd7 18. Rad1 Rad8 19. Qe3 b5 20. h4 h5 21. Ne5 Nxe5
22. Bxe5 a5 23. Qg3 g6 24. Bxc7 Bxh4 25. Qxh4 Qxc7 26. e5 c5 27. d5 b4 28. dxe6
fxe6 29. Rxd8 Rxd8 30. Bxe6+ Kh7 31. Ne4 Bxe4 32. Qxe4 Rd2 33. axb4 cxb4 34. b3
Rb2 35. Bc4 a4 36. bxa4 b3 37. e6 Qc5 38. Qf4 Qb4 1-0

[Event "2. Bundesliga West 2005/2006"]
[Site "AUT"]
[Date "2006.01.20"]
[Round "6"]
[White "Sucher, Johannes"]
[Black "Pilz, Dieter"]
[Result "0-1"]
[WhiteElo "2228"]
[BlackElo "2331"]
[PlyCount "86"]
[EventDate "2005.10.??"]
[EventType "team"]
[EventRounds "11"]
[EventCountry "AUT"]
[WhiteTeam "Lustenau VII"]
[BlackTeam "Absam"]
[WhiteTeamCountry "AUT"]
[BlackTeamCountry "AUT"]

1. d4 d5 2. Bg5 c6 3. Nd2 Qb6 4. Ngf3 h6 5. Be3 Bf5 6. Nb3 Nf6 7. Bd2 a5 8. a4
e6 9. e3 Nbd7 10. c4 Ne4 11. Be2 Nxd2 12. Nfxd2 Bb4 13. Qc1 O-O 14. c5 Qa7 15.
O-O b6 16. g4 Bh7 17. cxb6 Qxb6 18. f4 Rac8 19. Nf3 c5 20. Qd1 cxd4 21. Nbxd4
Bd6 22. Bb5 Nf6 23. Ne5 Bxe5 24. fxe5 Ne4 25. Qe1 Rc5 26. b4 axb4 27. a5 Qa7
28. Qxb4 Rb8 29. Rac1 Rxc1 30. Rxc1 Bg6 31. Rc6 Kh7 32. a6 Ra8 33. Qa5 Qe7 34.
Qe1 Qg5 35. h3 Qxe5 36. Rb6 Rc8 37. Bc6 Ng5 38. a7 Nxh3+ 39. Kg2 Nf4+ 40. Kg1
Nd3 41. Qe2 Qg3+ 42. Kf1 Qh3+ 43. Kg1 Be4 0-1

[Event "2. Bundesliga West 2005/2006"]
[Site "AUT"]
[Date "2006.01.20"]
[Round "6"]
[White "Teske, Henrik"]
[Black "Hugentobler, Patrick"]
[Result "1/2-1/2"]
[WhiteElo "2487"]
[BlackElo "2234"]
[PlyCount "61"]
[EventDate "2005.10.??"]
[EventType "team"]
[EventRounds "11"]
[EventCountry "AUT"]
[WhiteTeam "Absam"]
[BlackTeam "Lustenau VII"]
[WhiteTeamCountry "AUT"]
[BlackTeamCountry "AUT"]

1. d4 Nf6 2. c4 g6 3. g3 Bg7 4. Bg2 d5 5. cxd5 Nxd5 6. e4 Nb6 7. Ne2 O-O 8. O-O
Nc6 9. d5 Na5 10. Nbc3 c6 11. Bf4 cxd5 12. exd5 Nac4 13. b3 Nd6 14. a4 Bg4 15.
Rc1 Rc8 16. h3 Bxe2 17. Nxe2 Qd7 18. Qd2 Rxc1 19. Rxc1 Rc8 20. Re1 Bf6 21. Kh2
Qc7 22. Qa5 Qc5 23. Qxc5 Rxc5 24. Rc1 Nd7 25. Be3 Rxc1 26. Nxc1 a6 27. g4 Kf8
28. Kg3 Ke8 29. f4 Kd8 30. Kf2 Bg7 31. Nd3 1/2-1/2

[Event "2. Bundesliga West 2005/2006"]
[Site "AUT"]
[Date "2006.01.20"]
[Round "6"]
[White "Heilinger, Dietmar"]
[Black "Hicker, Harald"]
[Result "1/2-1/2"]
[WhiteElo "2146"]
[BlackElo "2179"]
[PlyCount "29"]
[EventDate "2005.10.??"]
[EventType "team"]
[EventRounds "11"]
[EventCountry "AUT"]
[WhiteTeam "Bregenz X"]
[BlackTeam "Mozart 1910 VI"]
[WhiteTeamCountry "AUT"]
[BlackTeamCountry "AUT"]

1. d4 d5 2. c4 e6 3. Nc3 Nf6 4. cxd5 exd5 5. Qc2 Nc6 6. e3 Nb4 7. Qb1 g6 8. Bd3
c6 9. a3 Nxd3+ 10. Qxd3 Bf5 11. Qe2 Bg7 12. Nf3 O-O 13. O-O Ne4 14. Nxe4 Bxe4
15. Bd2 1/2-1/2

[Event "2. Bundesliga West 2005/2006"]
[Site "AUT"]
[Date "2006.01.20"]
[Round "6"]
[White "Mira, Helene"]
[Black "Hamberger, Hermann"]
[Result "1/2-1/2"]
[WhiteElo "2150"]
[BlackElo "2129"]
[PlyCount "58"]
[EventDate "2005.10.??"]
[EventType "team"]
[EventRounds "11"]
[EventCountry "AUT"]
[WhiteTeam "Bregenz X"]
[BlackTeam "Mozart 1910 VI"]
[WhiteTeamCountry "AUT"]
[BlackTeamCountry "AUT"]

1. Nf3 g6 2. c4 Bg7 3. d4 c5 4. d5 d6 5. Qc2 Nf6 6. Nc3 O-O 7. e4 e6 8. Bd3
exd5 9. cxd5 Na6 10. a3 Nc7 11. O-O Rb8 12. b4 cxb4 13. axb4 a6 14. Rb1 Bg4 15.
Nd2 Rc8 16. Qb3 Nd7 17. Ne2 Ne5 18. Nd4 Nxd3 19. Qxd3 Bd7 20. Re1 Nb5 21. Nxb5
Bxb5 22. Qh3 Rc3 23. Nf3 Bd3 24. Bg5 Qc8 25. Qxc8 Rfxc8 26. Rbd1 Bc2 27. Rc1
Bb3 28. Rxc3 Rxc3 29. Be7 Bf8 1/2-1/2

[Event "2. Bundesliga West 2005/2006"]
[Site "AUT"]
[Date "2006.01.20"]
[Round "6"]
[White "Poettinger, Harald"]
[Black "Opl, Klaus"]
[Result "1/2-1/2"]
[WhiteElo "2254"]
[BlackElo "2333"]
[PlyCount "34"]
[EventDate "2005.10.??"]
[EventType "team"]
[EventRounds "11"]
[EventCountry "AUT"]
[WhiteTeam "Bregenz X"]
[BlackTeam "Mozart 1910 VI"]
[WhiteTeamCountry "AUT"]
[BlackTeamCountry "AUT"]

1. e4 e5 2. Nf3 Nc6 3. Bb5 a6 4. Bxc6 dxc6 5. O-O f6 6. d4 Bg4 7. c3 Bd6 8. Be3
Qe7 9. Nbd2 O-O-O 10. Qc2 Qf7 11. a4 Ne7 12. dxe5 fxe5 13. c4 Ng6 14. c5 Be7
15. b4 Qe6 16. Rfb1 Rhf8 17. Qb3 Qxb3 1/2-1/2

[Event "2. Bundesliga West 2005/2006"]
[Site "AUT"]
[Date "2006.01.20"]
[Round "6"]
[White "Schmidt, Georg"]
[Black "Volke, Karsten"]
[Result "1/2-1/2"]
[WhiteElo "2363"]
[BlackElo "2473"]
[PlyCount "95"]
[EventDate "2005.10.??"]
[EventType "team"]
[EventRounds "11"]
[EventCountry "AUT"]
[WhiteTeam "Mozart 1910 VI"]
[BlackTeam "Bregenz X"]
[WhiteTeamCountry "AUT"]
[BlackTeamCountry "AUT"]

1. e4 e5 2. Nf3 Nc6 3. Bb5 Nf6 4. O-O Nxe4 5. Re1 Nd6 6. Nxe5 Be7 7. Bd3 Nxe5
8. Rxe5 O-O 9. Nc3 c6 10. b3 Ne8 11. Bb2 d5 12. Qh5 Nf6 13. Qh4 h6 14. Rae1 Bd6
15. R5e2 Bg4 16. Nxd5 cxd5 17. Bxf6 Qxf6 18. Qxg4 a5 19. a4 b6 20. h4 Qf4 21.
Qxf4 Bxf4 22. g3 Bd6 23. h5 Rfd8 24. Bf5 Kf8 25. Kg2 Re8 26. Rxe8+ Rxe8 27.
Rxe8+ Kxe8 28. d4 Bb4 29. Kf3 Bc3 30. Ke3 Ke7 31. Bc8 Kd6 32. Ba6 Kc7 33. g4
Kd7 34. f3 Kd6 35. Kd3 Be1 36. c4 dxc4+ 37. bxc4 f5 38. gxf5 Bh4 39. Ke4 Bf6
40. c5+ bxc5 41. d5 Kc7 42. Kd3 Kd6 43. Ke4 Kc7 44. Bc4 Kd6 45. Bb3 Bh4 46. Kd3
Ke5 47. Kc4 Kd6 48. Ba2 1/2-1/2

[Event "2. Bundesliga West 2005/2006"]
[Site "AUT"]
[Date "2006.01.20"]
[Round "6"]
[White "Grabher, Heinz"]
[Black "Tabernig, Bernhard"]
[Result "1-0"]
[WhiteElo "2279"]
[BlackElo "2324"]
[PlyCount "103"]
[EventDate "2005.10.??"]
[EventType "team"]
[EventRounds "11"]
[EventCountry "AUT"]
[WhiteTeam "Hohenems V"]
[BlackTeam "Zillertal II"]
[WhiteTeamCountry "AUT"]
[BlackTeamCountry "AUT"]

1. e4 e6 2. d4 d5 3. Nc3 Bb4 4. Bd2 dxe4 5. Qg4 Nf6 6. Qxg7 Rg8 7. Qh6 Nbd7 8.
O-O-O b6 9. f3 Bxc3 10. Bxc3 Bb7 11. Be1 Qe7 12. fxe4 Bxe4 13. Nf3 O-O-O 14.
Ba6+ Kb8 15. Qd2 Nc5 16. Bc4 Bb7 17. Qe2 Nce4 18. Rf1 c5 19. Bh4 cxd4 20. Nd2
Qc7 21. Rxf6 Qxh2 22. Rxf7 Qxh4 23. Rxb7+ Kxb7 24. Nxe4 Qh2 25. Ba6+ Kb8 26.
Nc5 Rxg2 27. Qe4 Rxc2+ 28. Qxc2 Qxc2+ 29. Kxc2 bxc5 30. Rg1 Kc7 31. Bc4 Kd6 32.
Rg7 Rd7 33. Rxd7+ Kxd7 34. Kd3 Ke7 35. Ke4 Kf6 36. Be2 Kg5 37. Bc4 Kf6 38. b3
h5 39. Kf4 e5+ 40. Ke4 h4 41. Bf1 Ke6 42. Bh3+ Kd6 43. a4 c4 44. bxc4 Kc5 45.
Bf1 h3 46. Bxh3 Kxc4 47. Bg4 d3 48. Kxe5 Kc5 49. Bd1 d2 50. Ke4 Kc4 51. Ke3 Kc3
52. Ke2 1-0

[Event "2. Bundesliga West 2005/2006"]
[Site "AUT"]
[Date "2006.01.20"]
[Round "6"]
[White "Gross, David"]
[Black "Gaertner, Guntram"]
[Result "1-0"]
[WhiteElo "2467"]
[BlackElo "2368"]
[PlyCount "117"]
[EventDate "2005.10.??"]
[EventType "team"]
[EventRounds "11"]
[EventCountry "AUT"]
[WhiteTeam "Zillertal II"]
[BlackTeam "Hohenems V"]
[WhiteTeamCountry "AUT"]
[BlackTeamCountry "AUT"]

1. e4 c6 2. d4 d5 3. e5 Bf5 4. Nf3 e6 5. Be2 Nd7 6. O-O Ne7 7. Nh4 Bg6 8. Nd2
Nf5 9. Nxg6 hxg6 10. Nf3 Nh4 11. Ne1 Nf5 12. Nf3 Nh4 13. g3 Nxf3+ 14. Bxf3 Qb6
15. a4 a5 16. Be3 Be7 17. c4 Qd8 18. Qb3 Qb6 19. Qd1 Qd8 20. cxd5 cxd5 21. Qd3
Qb6 22. Rfc1 O-O 23. h4 Rfc8 24. Kg2 Rc6 25. h5 g5 26. Be2 Rac8 27. Qd2 Qd8 28.
Bb5 Rxc1 29. Rxc1 Rxc1 30. Qxc1 Nb6 31. Bd2 Nc8 32. Bxa5 Qxa5 33. Qxc8+ Bf8 34.
Be8 Qb4 35. Qd7 Qe7 36. Qb5 Qc5 37. Qd7 Qe7 38. Qb5 Qc5 39. Qd3 Qe7 40. Bb5 Qb4
41. b3 Be7 42. Qe3 Bd8 43. Qc1 Qe7 44. Qd2 Qc7 45. Qe3 Kf8 46. Qd3 Kg8 47. b4
Be7 48. Qd2 Qc8 49. Bd3 Kf8 50. a5 f5 51. b5 Qc7 52. b6 Qc6 53. Qb2 Qc8 54. a6
bxa6 55. b7 Qb8 56. Qb6 Kf7 57. Qc6 Bd8 58. Qd7+ Kf8 59. Qd6+ 1-0

[Event "2. Bundesliga West 2005/2006"]
[Site "AUT"]
[Date "2006.01.20"]
[Round "6"]
[White "Kroell, Johannes"]
[Black "Baldauf, Marco"]
[Result "0-1"]
[WhiteElo "2191"]
[BlackElo "2120"]
[PlyCount "68"]
[EventDate "2005.10.??"]
[EventType "team"]
[EventRounds "11"]
[EventCountry "AUT"]
[WhiteTeam "Zillertal II"]
[BlackTeam "Hohenems V"]
[WhiteTeamCountry "AUT"]
[BlackTeamCountry "AUT"]

1. Nc3 c5 2. g4 Nc6 3. Bg2 g6 4. d3 Bg7 5. e4 d6 6. h3 e6 7. Be3 Nd4 8. Qc1 Ne7
9. Nce2 O-O 10. c3 Nxe2 11. Nxe2 b6 12. h4 e5 13. g5 d5 14. Bd2 Ba6 15. exd5
Bxd3 16. d6 Nf5 17. Bxa8 Qxa8 18. Rh3 c4 19. f3 e4 20. Bf4 exf3 21. Ng1 Qe4+
22. Kf2 Be5 23. Bxe5 Qxe5 24. Nxf3 Qxd6 25. Qd2 f6 26. b4 b5 27. Kg2 Qc6 28.
Kg1 fxg5 29. hxg5 Nd6 30. Nd4 Qd5 31. Qg2 Ne4 32. Re1 a6 33. Rxd3 cxd3 34. Ne6
d2 0-1

[Event "2. Bundesliga West 2005/2006"]
[Site "AUT"]
[Date "2006.01.20"]
[Round "6"]
[White "Fuchs, Georg"]
[Black "Webersberger, Johann"]
[Result "0-1"]
[WhiteElo "2237"]
[BlackElo "2258"]
[PlyCount "54"]
[EventDate "2005.10.??"]
[EventType "team"]
[EventRounds "11"]
[EventCountry "AUT"]
[WhiteTeam "Innsbruck Rochade III"]
[BlackTeam "Ranshofen IX"]
[WhiteTeamCountry "AUT"]
[BlackTeamCountry "AUT"]

1. e4 c5 2. Nf3 e6 3. b3 b6 4. Bb2 Bb7 5. Nc3 d6 6. d4 cxd4 7. Qxd4 Nc6 8. Bb5
Nge7 9. O-O-O a6 10. Bxc6+ Nxc6 11. Qe3 Qc7 12. Nd4 Be7 13. Nd5 exd5 14. Nxc6
Qxc6 15. exd5 Qd7 16. Bxg7 Rg8 17. Bf6 Rg6 18. Bxe7 Qxe7 19. Qxb6 Kf8 20. Rhe1
Qd7 21. f4 Rxg2 22. Rg1 Rxg1 23. Qxg1 Re8 24. Qg5 Re7 25. Qh6+ Ke8 26. Rg1 Qf5
27. Rg8+ Kd7 0-1

[Event "2. Bundesliga West 2005/2006"]
[Site "AUT"]
[Date "2006.01.20"]
[Round "6"]
[White "Heinzel, Olaf"]
[Black "Dovzik, Juri"]
[Result "1/2-1/2"]
[WhiteElo "2401"]
[BlackElo "2405"]
[PlyCount "78"]
[EventDate "2005.10.??"]
[EventType "team"]
[EventRounds "11"]
[EventCountry "AUT"]
[WhiteTeam "Innsbruck Rochade III"]
[BlackTeam "Ranshofen IX"]
[WhiteTeamCountry "AUT"]
[BlackTeamCountry "AUT"]

1. d4 Nf6 2. Nf3 d5 3. Bf4 c5 4. e3 Qb6 5. Nc3 c4 6. Na4 Qa5+ 7. c3 Ne4 8. b4
cxb3 9. axb3 e5 10. Nxe5 b5 11. f3 bxa4 12. fxe4 Qxc3+ 13. Kf2 Qb2+ 14. Be2 Nd7
15. Nxd7 Bxd7 16. bxa4 dxe4 17. Qb1 Qxb1 18. Rhxb1 a5 19. Rb7 Bb4 20. Bb5 Bxb5
21. axb5 g5 22. Bg3 Rg8 23. Rc1 Rg6 24. Rc6 a4 25. d5 a3 26. Be5 a2 27. b6 a1=Q
28. Bxa1 Ra2+ 29. Kg3 Rxc6 30. dxc6 Bd6+ 31. Kg4 Rxa1 32. Rd7 Be5 33. Rd5 h5+
34. Kxg5 Bxh2 35. Kf6 Rc1 36. c7 Rc6+ 37. Kf5 Ke7 38. Rd8 Bxc7 39. bxc7 Rxc7
1/2-1/2

[Event "2. Bundesliga West 2005/2006"]
[Site "AUT"]
[Date "2006.01.20"]
[Round "6"]
[White "Muehlbacher, Bernhard"]
[Black "Hackbarth, Wolfgang"]
[Result "1/2-1/2"]
[WhiteElo "2116"]
[BlackElo "2135"]
[PlyCount "45"]
[EventDate "2005.10.??"]
[EventType "team"]
[EventRounds "11"]
[EventCountry "AUT"]
[WhiteTeam "Innsbruck Rochade III"]
[BlackTeam "Ranshofen IX"]
[WhiteTeamCountry "AUT"]
[BlackTeamCountry "AUT"]

1. c4 Nf6 2. Nc3 g6 3. g3 Bg7 4. Bg2 e5 5. e3 O-O 6. Nge2 d6 7. O-O Nc6 8. d3
Bd7 9. h3 Rb8 10. Rb1 a6 11. b4 Ne7 12. b5 Be6 13. Ba3 Re8 14. Qc2 axb5 15.
Nxb5 Bf8 16. Kh2 Nf5 17. e4 Ng7 18. f4 c6 19. Nbc3 Nfh5 20. Bc1 exf4 21. gxf4
f5 22. Nd4 Bd7 23. Nf3 1/2-1/2

[Event "2. Bundesliga West 2005/2006"]
[Site "AUT"]
[Date "2006.01.20"]
[Round "6"]
[White "Astl, Peter"]
[Black "Eiler, Gebhard"]
[Result "1-0"]
[WhiteElo "2280"]
[BlackElo "2096"]
[PlyCount "71"]
[EventDate "2005.10.??"]
[EventType "team"]
[EventRounds "11"]
[EventCountry "AUT"]
[WhiteTeam "Woergl IV"]
[BlackTeam "Lochau XII"]
[WhiteTeamCountry "AUT"]
[BlackTeamCountry "AUT"]

1. d4 g6 2. Nf3 Bg7 3. c3 d6 4. Bg5 Nf6 5. Nbd2 O-O 6. e4 c5 7. dxc5 dxc5 8.
Bc4 Nc6 9. Qe2 Qc7 10. a4 h6 11. Bh4 Nh5 12. O-O e5 13. Nb3 Nd8 14. Qe3 b6 15.
a5 Bb7 16. Rfd1 Nf4 17. Bb5 Nc6 18. Nfd2 g5 19. Bg3 Rfd8 20. Nc4 Nxa5 21. Ncxa5
bxa5 22. Qxc5 Qb6 23. f3 Bf8 24. Qxb6 axb6 25. Bf2 Rxd1+ 26. Rxd1 a4 27. Nd2
Ra5 28. Bc4 b5 29. Bf1 Bc6 30. Nb1 b4 31. cxb4 Bxb4 32. Rc1 Be8 33. Na3 Ne6 34.
Rc8 Kf8 35. Nc4 Rb5 36. Nd6 1-0